|
|
|
|
| LEADER |
00000nam2a2200000 4500 |
| 001 |
107353 |
| 005 |
20231031115244.0 |
| 010 |
|
|
|a 5275009348
|
| 035 |
|
|
|a (RuTPU)RU\TPU\book\115911
|
| 090 |
|
|
|a 107353
|
| 100 |
|
|
|a 20061221d2004 m y0rusy50 ca
|
| 101 |
1 |
|
|a rus
|c eng
|
| 102 |
|
|
|a RU
|
| 105 |
|
|
|a y z 000ay
|
| 200 |
0 |
|
|a Т. 6: Повелитель Самарканда
|e рассказы
|
| 210 |
|
|
|d 2004
|
| 215 |
|
|
|a 480 с.
|
| 330 |
|
|
|a Роберт Говард (1906—1936) — один из самых талантливых писателей-фантастов Соединенных Штатов Америки, чье творчество было очень ярким, а жизнь — очень короткой. Шестой том включает в себя рассказы, развитие событий в которых происходит в древние времена, когда существовали могучие королевства, царства и ханства, когда по земле бродили армии безжалостных наемников и варварам удавалось острием клинка завоевать золото или трон, только бесстрашные воины или коварные интриганы могли удержаться у вершины власти.
|
| 461 |
|
1 |
|0 (RuTPU)RU\TPU\book\116220
|y 5-275-00830-9
|t Собрание сочинений
|o в 8 т.
|o пер. с англ.
|f Р. И. Говард
|v Т. 6: Повелитель Самарканда: рассказы
|d 2003-2004
|
| 610 |
1 |
|
|a английская литература
|
| 610 |
1 |
|
|a рассказы
|
| 675 |
|
|
|a 82
|v 3
|
| 801 |
|
1 |
|a RU
|b 63413507
|c 20061221
|g PSBO
|
| 801 |
|
2 |
|a RU
|b 63413507
|c 20070126
|g PSBO
|
| 942 |
|
|
|c BK
|